000 00722nam a2200229Ia 4500
003 IN-BaIIA
008 211028s9999 xx 000 0 eng d
020 _a0-7923-7270-0
040 _cIIA Library
080 _a621.38
_bERI
100 _aErickson, Robert. W.
_928541
245 0 _aFundamentals of power electronics
_cRobert W. Erickson and Maksimovi'c Dragan
250 _a2nd ed.
260 _aColorado
_bUniversity of Colorado Press
_c2002
300 _axxi, 883p.
650 _aController Design
_928542
650 _aInductor Design
_928543
650 _aMagnetics
_927602
650 _aPower electronoics
_928544
700 _aMaksimovi'c Dragan
_928545
942 _cBK
999 _c15466
_d15466